UBT Library

Politics, parties, and elections in America / (Record no. 1279)

000 -LEADER
fixed length control field 00660nam a2200229 4500
008 - FIXED-LENGTH DATA ELEMENTS--GENERAL INFORMATION
fixed length control field 151015b xxu||||| |||| 00| 0 eng d
020 ## - INTERNATIONAL STANDARD BOOK NUMBER
International Standard Book Number 978053460132
020 ## - INTERNATIONAL STANDARD BOOK NUMBER
International Standard Book Number 0534601324
041 ## - LANGUAGE CODE
Language code of text/sound track or separate title eng
080 ## - UNIVERSAL DECIMAL CLASSIFICATION NUMBER
Universal Decimal Classification number 329
100 1# - Rafti
Rafti Bibby, John F.
245 10 - TITLE STATEMENT
Title Politics, parties, and elections in America /
Statement of responsibility, etc John F. Bibby, Brian F. Schaffner.
246 14 - VARYING FORM OF TITLE
Title proper/short title Politics, parties & elections in America
250 ## -
-- 6th ed.
260 ## -
-- Boston, MA :
-- Thomson/Wadsworth,
-- c2008.
300 ## -
-- xi, 401 f. :
-- me il;
-- 23 cm.
650 #0 -
-- Politikë
650 #0 -
-- Partitë politike
650 #0 -
-- Zgjedhjet
700 1# -
-- Schaffner, Brian F.
942 ## - ADDED ENTRY ELEMENTS (KOHA)
Source of classification or shelving scheme
Item type Books
Holdings
Withdrawn status Lost status Source of classification or shelving scheme Damaged status Not for loan Collection code Permanent location Current location Shelving location Date acquired Total Checkouts Full call number Barcode Date last seen Koha item type Price effective from
          Koleksioni i përgjithshem UBT - Lipjan UBT - Lipjan Koleksioni i përgjithshem 10/15/2015   329 BIB 002-008732 06/15/2017 Books  
          Koleksioni i përgjithshem UBT - Lipjan UBT - Lipjan Koleksioni i përgjithshem 12/08/2015   329 BIB 002-008719 06/23/2017 Books 12/08/2015
UBT Library © 2015-2024. All rights reserved University Education for Business and Technology